000 00678nam a2200217 4500
003 OSt
005 20240718080719.0
006 a
008 240718b |||||||| |||| 00| 0 eng d
020 _a9810699042
040 _aDWCL-Main lib.
_cOC
082 _2Twelfth edition
_aCirc. 657 H813c 2006
100 _aHorngren, Charles T.
245 _aCost accounting : concepts and practice /
250 _aTwelfth edition
260 _aSingapore :
_bPearson Education Inc.,
_cc2006.
300 _axxviii,
_b820 p. ; ill. ;
_c26 cm.
504 _aIncludes bibliographical references and index.
650 _a1. Cost accounting.
942 _2ddc
_n0
_cBK-CIRC
_eTwelfth edition
_kCirc.
999 _c2391
_d2391